000 00799nam a22002057a 4500
005 20231129110620.0
010 _aHIN-126417
020 _a9789390265626
_c250.00
035 _aHN-98763
037 _bDBAD/PUB.
082 _a821.08
100 _aमाली,दिनेश कुमार
_959166
245 _aमिथकीय सीमओं से परे'रुद्रावतार/
_cदिनेश कुमार माली
250 _a1
260 _bअमन प्रकाशन
_c2021
_aकानपुर
270 _a104-ए/80 सी रामबाग
_bकानपुर
_e208012
300 _a112 पृष्ट;
_c23 सेमी (सजिल्द)
710 _959164
942 _aDPL
_cHN
_2ddc
_h821.08
_mमालीदि
999 _c199284
_d199284